Podnikatelské riziko. 1.

Riziko ako neoddeliteľná súčasť podnikania. Povaha podnikateľského rizika. Jeho dve stránky: pozitívna a negatívna. Príčiny podnikateľského rizika. Riziko podnikateľské a riziko čisté ako základné druhy rizika. Rozlišovanie rizika podľa vecnej náplne. Postoj manažéra k riziku.

Salvato in:
Dettagli Bibliografici
Autore principale: Fotr, Jiří
Natura: Capitolo di libro
Lingua:ceco
Soggetti:
Tags: Aggiungi Tag
Nessun Tag, puoi essere il primo ad aggiungerne!!

MARC

LEADER 00000naa a2200000 4500
001 r009266
005 20220831074717.7
041 0 |a cze 
044 |a [CS] 
245 1 0 |a Podnikatelské riziko. 1.  |c Jiří Fotr 
520 |a Riziko ako neoddeliteľná súčasť podnikania. Povaha podnikateľského rizika. Jeho dve stránky: pozitívna a negatívna. Príčiny podnikateľského rizika. Riziko podnikateľské a riziko čisté ako základné druhy rizika. Rozlišovanie rizika podľa vecnej náplne. Postoj manažéra k riziku. 
610 2 0 |a podnikanie 
610 2 0 |a riziko 
610 2 0 |a manažéri 
610 2 0 |a postoje 
100 1 |a Fotr, Jiří